مكتبة جامعة عجلون الوطنية

فهرس بحث المكتبة

Normal view MARC view
  • الاردن-تاريخ - السياسية الخارجية

Entry Topical Term

Number of records used in: 1

001 - CONTROL NUMBER

  • control field: 16162

003 - CONTROL NUMBER IDENTIFIER

  • control field: JO-AjAnu

005 - DATE AND TIME OF LATEST TRANSACTION

  • control field: 20230606072858.0

008 - FIXED-LENGTH DATA ELEMENTS

  • fixed length control field: 230606|| aca||aabn | a|a d

040 ## - CATALOGING SOURCE

  • Original cataloging agency: JO-AjAnu
  • Transcribing agency: JO-AjAnu

150 ## - HEADING--TOPICAL TERM

  • Topical term or geographic name entry element: الاردن-تاريخ - السياسية الخارجية

670 ## - SOURCE DATA FOUND

  • Source citation: Work cat.: (JO-AjAnu)8296: اعداد الدويري، زايد نواف، م.مشارك البرماوي، جميل نواف, author 16161, خطاب للعقول والقلوب: قراءة في خطاب جلالة الملك عبدالله الثاني أمام الكونغرس الأمريكي وردود الفعل عليه محليا وعربيا وعالميا